| 000 | 00351nam a2200145Ia 4500 | ||
|---|---|---|---|
| 005 | 20250314060931.0 | ||
| 008 | 240331s9999 xx 000 0 und d | ||
| 082 |
_bGOV _a894 |
||
| 100 | _aGowindaraj, K | ||
| 245 | 0 | _aThottaththu kathanaygargal | |
| 260 |
_aColombo _bDuraivi _c1998 |
||
| 300 | _aXXIV, 186 p ., | ||
| 650 | _aShort Stories | ||
| 942 | _cL | ||
| 999 |
_c3752 _d3752 |
||